Original Television Titles Quiz Stats

Quiz Updated Feb 24, 2016

Challenge
Share
Tweet
Embed
Score 0/14 Timer 04:00
0 Plays Today
Original Title TV Show % Correct
The Seinfeld ChroniclesSeinfeld
98.3%
Six of OneFriends
91.3%
Lenny, Penny, and KennyThe Big Bang Theory
87.8%
Chicks and DicksNew Girl
77%
Life and StuffRoseanne
69.8%
New Family in TownHappy Days
66.2%
Good Morning, Miss BlissSaved By the Bell
50.5%
Original Title TV Show % Correct
NowhereLost
45.6%
Two Guys, a Girl and a Pizza PlaceTwo Guys and a Girl
37.9%
ValerieThe Hogan Family
16.9%
These Friends of MineEllen
13.8%
Far East OrlandoFresh Off the Boat
12.6%
Alpha MomUp All Night
9.9%
The TorkelsonsAlmost Home
1.9%

You're not logged in!

Compare scores with friends on all Sporcle quizzes.
Sign Up with Email
OR
Log In

You Might Also Like...

Show Comments

Extras

Top Quizzes Today


Score Distribution

Your Account Isn't Verified!

In order to create a playlist on Sporcle, you need to verify the email address you used during registration. Go to your Sporcle Settings to finish the process.